[Event "Campeonato de Europa 2011 Femenino"]
[Site "Tbilisi GEO"]
[Date "2011.05.17"]
[Round "10.7"]
[White "Cramling, Pia"]
[Black "Foisor, Cristina-Adela"]
[Result "1/2-1/2"]
[WhiteElo "2468"]
[BlackElo "2414"]
[PlyCount "96"]
[EventDate "2011.05.07"]
[EventType "swiss"]
[EventRounds "11"]
[EventCountry "GEO"]
[Source "lmi"]
[SourceDate "2011.05.07"]

1. d4 g6 2. c4 Bg7 3. Nf3 d6 4. Nc3 e5 5. dxe5 dxe5 6. Qxd8+ Kxd8 7. Bg5+ f6 8.
O-O-O+ Bd7 9. Bd2 Nh6 10. Ne4 Nf7 11. g4 Kc8 12. Rg1 Bc6 13. Nc3 Nd7 14. Nd5
Re8 15. Bb4 Bxd5 16. cxd5 Bf8 17. Bxf8 Rxf8 18. Nd2 Nd6 19. Rg3 a5 20. Kb1 Rf7
21. Rc1 b6 22. Bh3 Kd8 23. Bg2 Nc5 24. Re3 Rb8 25. h4 Kd7 26. b3 Re8 27. a3 Kd8
28. b4 Ncb7 29. Nb3 a4 30. Nd2 f5 31. g5 e4 32. f4 Rd7 33. Rd1 b5 34. Ka2 Kc8
35. Nb1 Nc4 36. Rh3 Red8 37. Nc3 c6 38. h5 Nb6 39. hxg6 hxg6 40. Rh6 Nxd5 41.
Nxd5 Rxd5 42. Rxd5 Rxd5 43. Rxg6 Nd6 44. Bh3 Kd7 45. Rg7+ Ke6 46. Rg6+ Ke7 47.
Rg7+ Ke6 48. Rg6+ Ke7 1/2-1/2

[Event "Campeonato de Europa 2011 Femenino"]
[Site "Tbilisi GEO"]
[Date "2011.05.17"]
[Round "10.9"]
[White "Khurtsidze, Nino"]
[Black "Abdulla, Khayala Mardan qizi"]
[Result "1/2-1/2"]
[WhiteElo "2436"]
[BlackElo "2168"]
[PlyCount "148"]
[EventDate "2011.05.07"]
[EventType "swiss"]
[EventRounds "11"]
[EventCountry "GEO"]
[Source "lmi"]
[SourceDate "2011.05.07"]

1. d4 Nf6 2. c4 e6 3. Nf3 b6 4. g3 Ba6 5. Qc2 Bb7 6. Bg2 c5 7. d5 exd5 8. cxd5
Nxd5 9. Qb3 Nf6 10. Ne5 d5 11. Nc3 Nbd7 12. Bf4 Nxe5 13. Bxe5 Bd6 14. Qa4+ Kf8
15. Bxf6 Qxf6 16. Bxd5 Bxd5 17. Nxd5 Qxb2 18. O-O b5 19. Qa6 Rd8 20. Qa5 Rb8
21. Rab1 Qe5 22. Ne3 Bc7 23. Qxa7 g6 24. Rfc1 c4 25. Rd1 Bb6 26. Nxc4 bxc4 27.
Rxb6 Rxb6 28. Qxb6 c3 29. Rc1 Kg7 30. Qc6 Rd8 31. Qxc3 Qxc3 32. Rxc3 Rd2 33. a4
Ra2 34. Rc4 Rxe2 35. h4 h5 36. Kg2 Ra2 37. Kf3 Kf6 38. Rf4+ Ke6 39. Ke3 f6 40.
Rb4 Kd5 41. Rb5+ Kc6 42. Ra5 Ra3+ 43. Kf4 Kd6 44. Ra6+ Ke7 45. Ra7+ Ke6 46. f3
Ra1 47. Ra6+ Ke7 48. g4 hxg4 49. Kxg4 Rg1+ 50. Kf4 Rh1 51. Kg3 g5 52. hxg5 Rg1+
53. Kf2 Rxg5 54. Ke3 Re5+ 55. Kf4 Kf7 56. Ra8 Kg6 57. a5 Rb5 58. a6 Rb4+ 59.
Ke3 Ra4 60. Kf2 Kf5 61. Kg3 Ra3 62. Ra7 Ra2 63. Ra8 Ra3 64. a7 Ra2 65. Kh4 Kf4
66. Kh5 f5 67. Kg6 Ra6+ 68. Kf7 Kxf3 69. Ke7 f4 70. Kd7 Kf2 71. Kc7 f3 72. Kb7
Ra1 73. Rf8 Ke2 74. a8=Q Rxa8 1/2-1/2

[Event "Campeonato de Europa 2011 Femenino"]
[Site "Tbilisi GEO"]
[Date "2011.05.17"]
[Round "10.15"]
[White "Gaponenko, Inna"]
[Black "Guramishvili, Sopiko"]
[Result "1-0"]
[WhiteElo "2455"]
[BlackElo "2299"]
[PlyCount "47"]
[EventDate "2011.05.07"]
[EventType "swiss"]
[EventRounds "11"]
[EventCountry "GEO"]
[Source "lmi"]
[SourceDate "2011.05.07"]

1. e4 c5 2. Nc3 a6 3. g3 e6 4. Bg2 Nc6 5. Nge2 Nf6 6. d4 cxd4 7. Nxd4 Qc7 8.
O-O Be7 9. Re1 Nxd4 10. Qxd4 Bc5 11. Qd1 h5 12. Bf3 h4 13. Bf4 Qb6 14. Qd2 hxg3
15. hxg3 Qc6 16. Kg2 e5 17. Bg5 Bd4 18. Nd5 Nxd5 19. exd5 Qb6 20. c3 Bxf2 21.
Rxe5+ Kf8 22. Qe2 f6 23. Re8+ Kf7 24. Rxh8 1-0

[Event "Campeonato de Europa 2011 Femenino"]
[Site "Tbilisi GEO"]
[Date "2011.05.17"]
[Round "10.18"]
[White "Nemcova, Katerina"]
[Black "Melia, Salome"]
[Result "1/2-1/2"]
[WhiteElo "2294"]
[BlackElo "2444"]
[PlyCount "150"]
[EventDate "2011.05.07"]
[EventType "swiss"]
[EventRounds "11"]
[EventCountry "GEO"]
[Source "lmi"]
[SourceDate "2011.05.07"]

1. e4 c5 2. Nf3 d6 3. d4 cxd4 4. Nxd4 Nf6 5. Nc3 Nc6 6. Bc4 e6 7. Be3 a6 8. Qe2
Qc7 9. O-O-O Na5 10. Bb3 b5 11. f3 Be7 12. g4 Nxb3+ 13. axb3 Nd7 14. h4 b4 15.
Na4 Nc5 16. Bg5 Bd7 17. Rhe1 Nxb3+ 18. Nxb3 Bxa4 19. Qd3 Rc8 20. Bxe7 Kxe7 21.
Nd4 Rhd8 22. Rd2 Qa5 23. Kb1 Kf8 24. Nb3 Bxb3 25. Qxb3 Qb5 26. Red1 Rc6 27. Rd4
a5 28. c4 Qc5 29. Qd3 a4 30. f4 b3 31. e5 Kg8 32. exd6 Rd7 33. f5 e5 34. Rd5
Qxc4 35. Rxe5 f6 36. Re8+ Kf7 37. Qxc4+ Rxc4 38. Rh8 Rxg4 39. Rc8 Re4 40. Rc7
Ke8 41. Rc8+ Rd8 42. Rc7 Rxh4 43. Rxg7 Rxd6 44. Rc1 Kf8 45. Ra7 Rd8 46. Ra6 Kf7
47. Ra7+ Kg8 48. Rg1+ Kh8 49. Rf7 Rhd4 50. Rc1 R4d6 51. Ra7 Rd1 52. Rxa4 Rxc1+
53. Kxc1 Rd3 54. Rg4 Rf3 55. Kd2 Rxf5 56. Rg3 Rb5 57. Kc3 Rb6 58. Kc4 h6 59.
Kc5 Rb8 60. Kd6 Kh7 61. Ke6 Rb6+ 62. Kf7 Rb7+ 63. Kxf6 Rb6+ 64. Kf5 h5 65. Rg5
Rh6 66. Rg3 Rb6 67. Rg5 Rh6 68. Rg3 h4 69. Rh3 Kg7 70. Kg5 Rb6 71. Kxh4 Rh6+
72. Kg4 Rxh3 73. Kxh3 Kf6 74. Kg4 Ke5 75. Kf3 Kd4 1/2-1/2

[Event "Campeonato de Europa 2011 Femenino"]
[Site "Tbilisi GEO"]
[Date "2011.05.17"]
[Round "10.19"]
[White "Bulmaga, Irina"]
[Black "Khukhashvili, Sopiko"]
[Result "0-1"]
[WhiteElo "2284"]
[BlackElo "2421"]
[PlyCount "142"]
[EventDate "2011.05.07"]
[EventType "swiss"]
[EventRounds "11"]
[EventCountry "GEO"]
[Source "lmi"]
[SourceDate "2011.05.07"]

1. e4 c5 2. Nf3 d6 3. Bb5+ Nd7 4. O-O Ngf6 5. Re1 a6 6. Bf1 b6 7. c4 Bb7 8. d4
cxd4 9. Nxd4 g6 10. Nc3 Bg7 11. f3 Rc8 12. a4 Ne5 13. b3 O-O 14. Be3 e6 15. Rc1
Re8 16. Nc2 Qc7 17. Qd2 Nfd7 18. Nd4 Qb8 19. Red1 Bf8 20. Kh1 Qa8 21. Bg1 Nc5
22. Rb1 Be7 23. Qa2 Ncd7 24. Qd2 Kh8 25. f4 Ng4 26. Qe2 Ngf6 27. e5 dxe5 28.
fxe5 Ne4 29. Nxe4 Bxe4 30. Nc2 Nc5 31. Bd4 Kg8 32. b4 Nd7 33. Re1 Bf5 34. Rb3
a5 35. Ne3 Bxb4 36. Nxf5 exf5 37. Rd1 Qc6 38. Re3 Bc5 39. Bxc5 Nxc5 40. Rd6 Qc7
41. Rd5 Re6 42. Qf3 Rce8 43. g4 fxg4 44. Qf4 f6 45. Bg2 fxe5 46. Qxg4 e4 47.
Bh3 Rd6 48. Qd1 Red8 49. Qd4 Qe7 50. Bg2 Qf8 51. h3 Qg7 52. Qxg7+ Kxg7 53. Bxe4
Nxe4 54. Rxe4 Rxd5 55. cxd5 Rxd5 56. Re6 Rd4 57. Rxb6 Rxa4 58. Kg2 h5 59. Rb7+
Kh6 60. Rb5 Ra2+ 61. Kg3 Ra3+ 62. Kg2 h4 63. Rc5 g5 64. Kh2 a4 65. Ra5 Kg6 66.
Ra8 Ra2+ 67. Kg1 Kf5 68. Ra7 Ke4 69. Ra5 Kf4 70. Kh1 g4 71. hxg4 Kg3 0-1

[Event "Campeonato de Europa 2011 Femenino"]
[Site "Tbilisi GEO"]
[Date "2011.05.17"]
[Round "10.20"]
[White "Paikidze, Nazi"]
[Black "Arabidze, Meri"]
[Result "1-0"]
[WhiteElo "2408"]
[BlackElo "2277"]
[PlyCount "91"]
[EventDate "2011.05.07"]
[EventType "swiss"]
[EventRounds "11"]
[EventCountry "GEO"]
[Source "lmi"]
[SourceDate "2011.05.07"]

1. d4 Nf6 2. c4 e6 3. Nf3 b6 4. g3 Ba6 5. Qc2 Bb7 6. Bg2 c5 7. d5 exd5 8. cxd5
Nxd5 9. O-O Be7 10. Qe4 Bc6 11. Ne5 Qc7 12. Nxc6 dxc6 13. Nc3 Nxc3 14. bxc3 O-O
15. Bf4 Bd6 16. Rfd1 Bxf4 17. gxf4 a5 18. Rab1 Ra7 19. f5 f6 20. a4 Kh8 21. Qe6
b5 22. axb5 cxb5 23. Rxb5 a4 24. Ra1 Nd7 25. h3 Qe5 26. Ra3 Re8 27. Qxe5 Rxe5
28. Bc6 g6 29. Rb2 Rxf5 30. Rxa4 Rxa4 31. Bxa4 Ne5 32. Bb5 Rg5+ 33. Kf1 Rh5 34.
Kg2 Rg5+ 35. Kh2 Rf5 36. f3 Kg7 37. Ra2 Kh6 38. Ra7 c4 39. Be8 Kg5 40. Kg3 h5
41. Rh7 Rf4 42. Ba4 h4+ 43. Kf2 Rf5 44. Ke3 Rf4 45. Bc2 f5 46. Rc7 1-0

[Event "Campeonato de Europa 2011 Femenino"]
[Site "Tbilisi GEO"]
[Date "2011.05.17"]
[Round "10.21"]
[White "Dzagnidze, Nana"]
[Black "Ziaziulkina, Nastassia"]
[Result "1/2-1/2"]
[WhiteElo "2557"]
[BlackElo "2291"]
[PlyCount "40"]
[EventDate "2011.05.07"]
[EventType "swiss"]
[EventRounds "11"]
[EventCountry "GEO"]
[Source "lmi"]
[SourceDate "2011.05.07"]

1. d4 d5 2. c4 c6 3. Nf3 Nf6 4. Nc3 e6 5. Bg5 dxc4 6. e4 b5 7. e5 h6 8. Bh4 g5
9. Nxg5 hxg5 10. Bxg5 Be7 11. exf6 Bxf6 12. Bxf6 Qxf6 13. g3 Na6 14. Bg2 Bb7
15. Nxb5 O-O-O 16. Qa4 cxb5 17. Bxb7+ Kxb7 18. Qxb5+ Ka8 19. Qc6+ Kb8 20. Qb5+
Ka8 1/2-1/2

[Event "Campeonato de Europa 2011 Femenino"]
[Site "Tbilisi GEO"]
[Date "2011.05.17"]
[Round "10.25"]
[White "Lomineishvili, Maia"]
[Black "Olsarova, Tereza"]
[Result "1-0"]
[WhiteElo "2376"]
[BlackElo "2234"]
[PlyCount "47"]
[EventDate "2011.05.07"]
[EventType "swiss"]
[EventRounds "11"]
[EventCountry "GEO"]
[Source "lmi"]
[SourceDate "2011.05.07"]

1. d4 d5 2. c4 e6 3. Nf3 c6 4. e3 Nf6 5. Bd3 dxc4 6. Bxc4 Nbd7 7. O-O Bd6 8.
Nc3 O-O 9. h3 h6 10. Bb3 b6 11. Qc2 Bb7 12. Rd1 Qc7 13. e4 e5 14. dxe5 Nxe5 15.
Nh4 Rfd8 16. Be3 Bc5 17. Bxc5 bxc5 18. f4 c4 19. fxe5 cxb3 20. Qxb3 Qxe5 21.
Qxb7 Qc5+ 22. Kh1 Rdb8 23. Qc7 Qf2 24. Nf5 1-0

[Event "Campeonato de Europa 2011 Femenino"]
[Site "Tbilisi GEO"]
[Date "2011.05.17"]
[Round "10.26"]
[White "Kazimova, Narmin Nizami qizi"]
[Black "Charkhalashvili, Inga"]
[Result "1/2-1/2"]
[WhiteElo "2262"]
[BlackElo "2373"]
[PlyCount "95"]
[EventDate "2011.05.07"]
[EventType "swiss"]
[EventRounds "11"]
[EventCountry "GEO"]
[Source "lmi"]
[SourceDate "2011.05.07"]

1. Nf3 Nf6 2. c4 b6 3. g3 c5 4. Bg2 Bb7 5. Nc3 e6 6. O-O Be7 7. d4 cxd4 8. Qxd4
Nc6 9. Qf4 d6 10. Rd1 a6 11. b3 Qc7 12. Ba3 Rd8 13. Rac1 Na7 14. e4 O-O 15. h3
Ba8 16. Qe3 Nc8 17. Ne1 Qb8 18. Qe2 Rd7 19. Bb2 Rfd8 20. a4 Na7 21. Nc2 Nc6 22.
b4 Rc8 23. f4 a5 24. b5 Nd8 25. e5 dxe5 26. fxe5 Rxd1+ 27. Rxd1 Ne8 28. Rd7
Bc5+ 29. Kh2 Bxg2 30. Kxg2 Rc7 31. Rd2 Be7 32. Ne4 Qc8 33. Ne3 Nb7 34. Bd4 Nc5
35. Nxc5 Bxc5 36. Bxc5 Rxc5 37. Qd1 Rxe5 38. Rd8 Qb7+ 39. Kf2 Qe7 40. Qd7 Qxd7
41. Rxd7 f5 42. Rb7 Nd6 43. Rxb6 Ne4+ 44. Kf3 Nd2+ 45. Kf2 Ne4+ 46. Kf3 Nd2+
47. Kf2 Ne4+ 48. Kf3 1/2-1/2

[Event "Campeonato de Europa 2011 Femenino"]
[Site "Tbilisi GEO"]
[Date "2011.05.17"]
[Round "10.27"]
[White "Isgandarova, Khayala Ilqar qizi"]
[Black "Kovanova, Baira"]
[Result "1/2-1/2"]
[WhiteElo "2143"]
[BlackElo "2361"]
[PlyCount "54"]
[EventDate "2011.05.07"]
[EventType "swiss"]
[EventRounds "11"]
[EventCountry "GEO"]
[Source "lmi"]
[SourceDate "2011.05.07"]

1. e4 e5 2. Nf3 Nc6 3. d4 exd4 4. Bc4 Nf6 5. e5 d5 6. Bb5 Ne4 7. Nxd4 Bd7 8.
Bxc6 bxc6 9. O-O Be7 10. f3 Ng5 11. f4 Ne4 12. Nd2 Nxd2 13. Bxd2 c5 14. Ne2 O-O
15. f5 c4 16. Be3 c6 17. Qd4 Re8 18. Rf3 Bf8 19. Raf1 Qe7 20. e6 fxe6 21. f6
gxf6 22. Qh4 e5 23. Ng3 f5 24. Bg5 Qc5+ 25. Be3 Qe7 26. Bg5 Qc5+ 27. Be3 Qe7
1/2-1/2

[Event "Campeonato de Europa 2011 Femenino"]
[Site "Tbilisi GEO"]
[Date "2011.05.17"]
[Round "10.31"]
[White "Shadrina, Tatiana"]
[Black "Krivec, Jana"]
[Result "1-0"]
[WhiteElo "2397"]
[BlackElo "2296"]
[PlyCount "61"]
[EventDate "2011.05.07"]
[EventType "swiss"]
[EventRounds "11"]
[EventCountry "GEO"]
[Source "lmi"]
[SourceDate "2011.05.07"]

1. e4 e5 2. Nf3 Nc6 3. Bc4 Nf6 4. d3 h6 5. O-O d6 6. c3 Be7 7. Re1 O-O 8. Nbd2
Nh7 9. d4 Bf6 10. Nf1 Bg4 11. d5 Ne7 12. Ne3 Bc8 13. Be2 g6 14. h4 Bg7 15. h5
gxh5 16. Nh4 f5 17. Nhxf5 Nxf5 18. Nxf5 Bxf5 19. exf5 Rxf5 20. Bd3 Rf8 21. Qxh5
Nf6 22. Qh3 h5 23. Bg5 Qe8 24. c4 Ng4 25. f3 Nh6 26. Rac1 b6 27. b4 a5 28. c5
axb4 29. cxd6 cxd6 30. Rc7 Rxa2 31. Bxh6 1-0

[Event "Campeonato de Europa 2011 Femenino"]
[Site "Tbilisi GEO"]
[Date "2011.05.17"]
[Round "10.33"]
[White "Rogule, Laura"]
[Black "Khurtsilava, Inga"]
[Result "1-0"]
[WhiteElo "2362"]
[BlackElo "2286"]
[PlyCount "53"]
[EventDate "2011.05.07"]
[EventType "swiss"]
[EventRounds "11"]
[EventCountry "GEO"]
[Source "lmi"]
[SourceDate "2011.05.07"]

1. e4 c6 2. d4 d5 3. Nc3 dxe4 4. Nxe4 Nf6 5. Nxf6+ gxf6 6. c3 h5 7. h4 Bg4 8.
Qc2 Qc7 9. Bc4 Nd7 10. f3 Nb6 11. fxg4 Nxc4 12. Qe2 Qg3+ 13. Kf1 hxg4 14. Qxc4
Rh5 15. Ne2 Rf5+ 16. Bf4 Qe3 17. d5 Bh6 18. g3 Bxf4 19. gxf4 Rxd5 20. Rg1 Qh3+
21. Kf2 Qf3+ 22. Ke1 O-O-O 23. Rf1 Qe3 24. f5 Qd2+ 25. Kf2 Rxf5+ 26. Kg2 Re5
27. Rf2 1-0

[Event "Campeonato de Europa 2011 Femenino"]
[Site "Tbilisi GEO"]
[Date "2011.05.17"]
[Round "10.34"]
[White "Purtseladze, Maka"]
[Black "Nikoladze, Sopio"]
[Result "1-0"]
[WhiteElo "2352"]
[BlackElo "2278"]
[PlyCount "75"]
[EventDate "2011.05.07"]
[EventType "swiss"]
[EventRounds "11"]
[EventCountry "GEO"]
[Source "lmi"]
[SourceDate "2011.05.07"]

1. Nf3 Nf6 2. c4 e6 3. Nc3 Bb4 4. Qc2 O-O 5. a3 Bxc3 6. Qxc3 b6 7. b4 d6 8. Bb2
e5 9. g3 Bb7 10. Bg2 c5 11. O-O Nbd7 12. e3 Qc7 13. d4 Rfe8 14. dxe5 dxe5 15.
b5 Be4 16. Nh4 Qb7 17. f3 Bg6 18. Nxg6 hxg6 19. f4 e4 20. Rad1 Re7 21. Rd2 Ne8
22. g4 a6 23. a4 axb5 24. axb5 Ra4 25. Rfd1 Ndf6 26. Bh3 Qc8 27. Kg2 Qe6 28. g5
Ng4 29. Rd8 f6 30. Kg3 Rxc4 31. Bxg4 Qf7 32. Qd2 Rb4 33. Bc3 Rxb5 34. Bd7 Rb3
35. Bxe8 Rxe8 36. Rxe8+ Qxe8 37. Qd5+ Qf7 38. Qa8+ 1-0

[Event "Campeonato de Europa 2011 Femenino"]
[Site "Tbilisi GEO"]
[Date "2011.05.17"]
[Round "10.35"]
[White "Mamedjarova, Zeinab"]
[Black "Foisor, Mihaela-Veronica"]
[Result "1/2-1/2"]
[WhiteElo "2342"]
[BlackElo "2220"]
[PlyCount "122"]
[EventDate "2011.05.07"]
[EventType "swiss"]
[EventRounds "11"]
[EventCountry "GEO"]
[Source "lmi"]
[SourceDate "2011.05.07"]

1. d4 d5 2. Nf3 c5 3. e3 Nf6 4. Nbd2 Nc6 5. Be2 e6 6. O-O Bd6 7. b3 O-O 8. Bb2
cxd4 9. exd4 Qc7 10. h3 e5 11. dxe5 Nxe5 12. Re1 Re8 13. c4 Be6 14. Rc1 dxc4
15. Nxc4 Nxc4 16. Bxf6 gxf6 17. Bxc4 Qb6 18. Nd4 Be5 19. Nxe6 fxe6 20. Qh5 Re7
21. Re4 Kh8 22. Qe2 Rg8 23. Kh1 Reg7 24. Rg1 Qd6 25. f4 Bxf4 26. Rxe6 Qd7 27.
Qf3 Be5 28. Rd1 Qc7 29. Rxf6 Bxf6 30. Bxg8 Kxg8 31. Qxf6 Re7 32. h4 Re8 33.
Qg5+ Kh8 34. h5 Qe5 35. Qxe5+ Rxe5 36. Rd8+ Kg7 37. Rd7+ Kh6 38. Rxb7 Rxh5+ 39.
Kg1 Ra5 40. a4 Kg6 41. g3 h5 42. Kg2 Kg5 43. Kh3 Kf5 44. Kh4 Kg6 45. Rc7 Ra6
46. Rc5 Rb6 47. Rb5 Kf6 48. Rxh5 Rxb3 49. Rh6+ Ke5 50. Ra6 Rb7 51. g4 Kf4 52.
Kh5 Rh7+ 53. Kg6 Rh8 54. Rxa7 Kxg4 55. Kf6 Kf4 56. Ke6 Ke4 57. Kd6 Kd4 58. Rf7
Rh6+ 59. Kc7 Kc5 60. a5 Ra6 61. Kb7 Rxa5 1/2-1/2

[Event "Campeonato de Europa 2011 Femenino"]
[Site "Tbilisi GEO"]
[Date "2011.05.17"]
[Round "10.36"]
[White "Khazhomia, Salome"]
[Black "Gvetadze, Sopio"]
[Result "1/2-1/2"]
[WhiteElo "2152"]
[BlackElo "2330"]
[PlyCount "216"]
[EventDate "2011.05.07"]
[EventType "swiss"]
[EventRounds "11"]
[EventCountry "GEO"]
[Source "lmi"]
[SourceDate "2011.05.07"]

1. d4 d5 2. Nf3 Nf6 3. c4 c6 4. cxd5 cxd5 5. Nc3 Nc6 6. g3 e6 7. Bg2 Bd6 8. O-O
O-O 9. Bf4 Bxf4 10. gxf4 Bd7 11. e3 Rc8 12. Ne5 Na5 13. Rc1 Nc4 14. b3 Nd6 15.
Qd2 Nf5 16. Bh3 Nd6 17. f3 Bc6 18. Ne2 Nd7 19. Ng3 g6 20. Rc2 Nb8 21. Rfc1 Qe7
22. Bf1 Rce8 23. b4 a6 24. Rc5 Qh4 25. Nxc6 bxc6 26. Qf2 Qd8 27. Bd3 Qb6 28.
Qe2 Rd8 29. a3 Nb7 30. R5c2 Rfe8 31. Qg2 Kh8 32. Qh3 Rd7 33. Qh4 Qd8 34. Qh6 f5
35. Ne2 Nd6 36. Kh1 Rg7 37. Qh3 Reg8 38. Rg1 a5 39. Nc3 axb4 40. axb4 Qb6 41.
Na4 Qxb4 42. Nc5 Qa3 43. Rgc1 Re8 44. Qh4 Rf7 45. Qe1 Qa7 46. Qb4 Qe7 47. Na6
Rff8 48. Qc5 Rg8 49. Nxb8 Rxb8 50. Qxc6 Nf7 51. Qc7 Qf6 52. Qd7 Rbd8 53. Qa7
Rdf8 54. Rg1 Rg7 55. Rc7 Rfg8 56. Rg3 Nd8 57. Rxg7 Qxg7 58. Qb6 Qe7 59. Rg2 Qa3
60. Qb1 Nf7 61. h4 Rc8 62. Rc2 Rf8 63. Rc7 Kg7 64. Qc2 Qa5 65. Qc3 Qa8 66. Kg2
Qa2+ 67. Qc2 Qxc2+ 68. Bxc2 Ra8 69. Rc6 Kf6 70. Bb3 Nd8 71. Rb6 Ke7 72. Kf2 Ra1
73. Rb5 Kd6 74. Rc5 Rb1 75. Ba4 Rb7 76. Rc8 Ke7 77. Kg3 Ra7 78. Bb5 Nf7 79.
Re8+ Kf6 80. Rf8 Kg7 81. Rb8 Ra3 82. Kf2 Rb3 83. Rb7 Kf6 84. Ba6 Ra3 85. Rb6
Nd8 86. Be2 Ra2 87. Ra6 Rb2 88. Ra8 Nc6 89. Rf8+ Kg7 90. Re8 Kf7 91. Rh8 h5 92.
Rc8 Nb4 93. Rc3 Kf6 94. Kf1 Nc2 95. Kf2 Ra2 96. Rc7 Nb4 97. Rc3 Rb2 98. Kf1 Na2
99. Rc8 Rb3 100. Kf2 Nc3 101. Rc7 Nxe2 102. Kxe2 Rb2+ 103. Kf1 Rh2 104. Rc6 Kf7
105. Rc7+ Kf6 106. Rc6 Rh1+ 107. Kg2 Re1 108. Kf2 Rh1 1/2-1/2

[Event "Campeonato de Europa 2011 Femenino"]
[Site "Tbilisi GEO"]
[Date "2011.05.17"]
[Round "10.37"]
[White "Tereladze, Sopiko"]
[Black "Mamedjarova, Turkan"]
[Result "1-0"]
[WhiteElo "2177"]
[BlackElo "2322"]
[PlyCount "69"]
[EventDate "2011.05.07"]
[EventType "swiss"]
[EventRounds "11"]
[EventCountry "GEO"]
[Source "lmi"]
[SourceDate "2011.05.07"]

1. Nf3 d5 2. d4 e6 3. e3 Bd6 4. b3 f5 5. c4 c6 6. Bd3 Nf6 7. O-O O-O 8. Ba3 Ne4
9. Bxd6 Qxd6 10. Ne5 Nd7 11. f4 Ndf6 12. c5 Qe7 13. Nd2 Bd7 14. Rc1 Be8 15.
Nxe4 fxe4 16. Be2 Nd7 17. Nxd7 Bxd7 18. b4 a5 19. Rb1 axb4 20. Rxb4 Rxa2 21.
Rxb7 Rfa8 22. Bg4 Qe8 23. Bh3 Bc8 24. Rc7 h5 25. Qe1 Bd7 26. Qb1 Bc8 27. Qe1
Bd7 28. Qh4 Ra1 29. Qg5 Rxf1+ 30. Kxf1 Ra1+ 31. Kf2 Ra2+ 32. Kg3 Kf8 33. f5
exf5 34. Bxf5 h4+ 35. Kh3 1-0

[Event "Campeonato de Europa 2011 Femenino"]
[Site "Tbilisi GEO"]
[Date "2011.05.17"]
[Round "10.38"]
[White "Charochkina, Daria"]
[Black "Vakhania, Alexandra"]
[Result "1/2-1/2"]
[WhiteElo "2320"]
[BlackElo "2189"]
[PlyCount "100"]
[EventDate "2011.05.07"]
[EventType "swiss"]
[EventRounds "11"]
[EventCountry "GEO"]
[Source "lmi"]
[SourceDate "2011.05.07"]

1. e4 c6 2. d4 d5 3. e5 g6 4. Nc3 h5 5. Nf3 Nh6 6. Bf4 b5 7. a4 b4 8. Na2 a5 9.
Nc1 e6 10. Nd3 Nf5 11. Be2 Ba6 12. O-O Nd7 13. c3 bxc3 14. Rc1 c5 15. dxc5 Nxc5
16. Nxc5 Bxc5 17. Rxc3 Bb4 18. Rc6 Bxe2 19. Qxe2 O-O 20. Rfc1 Qd7 21. Qc2 Ra7
22. Bg5 Rb8 23. h3 Rab7 24. g4 hxg4 25. hxg4 Ne7 26. Ra6 d4 27. Qe4 d3 28. Rd1
d2 29. Bxd2 Nd5 30. Bg5 Bf8 31. Rxa5 Rxb2 32. Rc1 R2b4 33. Rc4 Nc3 34. Qc6 Qxc6
35. Rxc6 Rxg4+ 36. Kh2 Rxa4 37. Rxa4 Nxa4 38. Bf6 Bg7 39. Bxg7 Kxg7 40. Rc7 Kg8
41. Ng5 Rf8 42. Ne4 Nb6 43. Nd6 Nd5 44. Ra7 f6 45. exf6 Rxf6 46. Kg3 e5 47.
Ra8+ Kh7 48. Ra7+ Kg8 49. Ra8+ Kh7 50. Ra7+ Kg8 1/2-1/2

[Event "Campeonato de Europa 2011 Femenino"]
[Site "Tbilisi GEO"]
[Date "2011.05.17"]
[Round "10.39"]
[White "Mikadze, Miranda"]
[Black "Cherednichenko, Elena"]
[Result "1-0"]
[WhiteElo "2351"]
[BlackElo "2147"]
[PlyCount "109"]
[EventDate "2011.05.07"]
[EventType "swiss"]
[EventRounds "11"]
[EventCountry "GEO"]
[Source "lmi"]
[SourceDate "2011.05.07"]

1. e4 e5 2. Nf3 Nc6 3. Bb5 a6 4. Ba4 Nf6 5. Qe2 b5 6. Bb3 Bc5 7. c3 d6 8. O-O
O-O 9. d3 Be6 10. Be3 Bxe3 11. fxe3 Bxb3 12. axb3 d5 13. Nbd2 dxe4 14. Nxe4
Nxe4 15. dxe4 Qe7 16. b4 Rfd8 17. Rfd1 Rxd1+ 18. Rxd1 Rd8 19. Rd5 Rd6 20. h3 h6
21. Kh2 Kh7 22. Qf2 Rxd5 23. exd5 Nb8 24. Nd2 Qf6 25. Qxf6 gxf6 26. g4 Kg6 27.
e4 Nd7 28. Nb3 Kg7 29. Nc5 Nb8 30. Kg3 Kh7 31. Kh4 Kg6 32. b3 Kg7 33. Kh5 Kh7
34. h4 Kg7 35. g5 hxg5 36. hxg5 fxg5 37. Kxg5 f6+ 38. Kf5 Kf7 39. c4 Ke7 40.
Kg6 c6 41. Kg7 bxc4 42. bxc4 cxd5 43. cxd5 Kd6 44. Kxf6 a5 45. Nb7+ Kc7 46.
Nxa5 Na6 47. Nc6 Kd6 48. Kf5 Nc7 49. Nxe5 Nb5 50. Nc4+ Kd7 51. e5 Nd4+ 52. Kf6
Nb5 53. Kf7 Nc7 54. e6+ Kd8 55. d6 1-0

[Event "Campeonato de Europa 2011 Femenino"]
[Site "Tbilisi GEO"]
[Date "2011.05.17"]
[Round "10.42"]
[White "Ikonomopoulou, Maria"]
[Black "Daulyte, Deimante"]
[Result "0-1"]
[WhiteElo "2121"]
[BlackElo "2306"]
[PlyCount "60"]
[EventDate "2011.05.07"]
[EventType "swiss"]
[EventRounds "11"]
[EventCountry "GEO"]
[Source "lmi"]
[SourceDate "2011.05.07"]

1. e4 d5 2. exd5 Nf6 3. Nf3 Nxd5 4. d4 g6 5. c4 Nb6 6. Nc3 Bg7 7. c5 Nd5 8. Bc4
Nxc3 9. bxc3 O-O 10. O-O Nc6 11. h3 e5 12. Bg5 Qd7 13. Be3 e4 14. Ng5 Na5 15.
Qe2 Nxc4 16. Qxc4 b5 17. cxb6 axb6 18. Rfd1 Ba6 19. Qb3 Rae8 20. h4 Qg4 21. c4
Qxh4 22. Nh3 Bh6 23. Bc1 Bc8 24. Re1 Bg7 25. Bb2 Rd8 26. Rad1 Rfe8 27. Ba1 Bg4
28. Rd2 c5 29. d5 e3 30. Rc2 exf2+ 0-1

[Event "Campeonato de Europa 2011 Femenino"]
[Site "Tbilisi GEO"]
[Date "2011.05.17"]
[Round "10.43"]
[White "Cherednichenko, Svetlana"]
[Black "Goryachkina, Aleksandra"]
[Result "0-1"]
[WhiteElo "2297"]
[BlackElo "2103"]
[PlyCount "74"]
[EventDate "2011.05.07"]
[EventType "swiss"]
[EventRounds "11"]
[EventCountry "GEO"]
[Source "lmi"]
[SourceDate "2011.05.07"]

1. d4 d5 2. Nf3 Nf6 3. e3 Bg4 4. c4 c6 5. h3 Bh5 6. Nc3 e6 7. g4 Bg6 8. Ne5
Nbd7 9. h4 dxc4 10. Nxg6 hxg6 11. g5 Nd5 12. Bxc4 Bb4 13. Bd2 Qe7 14. f4 N7b6
15. Bd3 c5 16. Bb5+ Kf8 17. a3 cxd4 18. exd4 Bd6 19. Qf3 Rc8 20. Ne4 Qc7 21.
Nxd6 Qxd6 22. Bd3 Ke7 23. Rc1 Rxc1+ 24. Bxc1 Qc7 25. Kf2 Nc4 26. Kg3 Nd6 27.
Re1 Kd7 28. Bd2 Qb6 29. Bc3 Rc8 30. Rc1 Ne7 31. h5 Nef5+ 32. Bxf5 Nxf5+ 33. Kf2
gxh5 34. Qxh5 Rxc3 35. Qxf7+ Ne7 36. bxc3 Qb2+ 37. Ke3 Qxc1+ 0-1

[Event "Campeonato de Europa 2011 Femenino"]
[Site "Tbilisi GEO"]
[Date "2011.05.17"]
[Round "10.44"]
[White "Fakhiridou, Ekaterini"]
[Black "Gevorgyan, Maria"]
[Result "0-1"]
[WhiteElo "2225"]
[BlackElo "2065"]
[PlyCount "41"]
[EventDate "2011.05.07"]
[EventType "swiss"]
[EventRounds "11"]
[EventCountry "GEO"]
[Source "lmi"]
[SourceDate "2011.05.07"]

1. e4 e5 2. Nf3 Nf6 3. Nc3 Nc6 4. Bb5 Nd4 5. Ba4 Bc5 6. d3 c6 7. Bb3 Nxb3 8.
axb3 d6 9. h3 O-O 10. O-O h6 11. Na4 Bb4 12. c3 Ba5 13. b4 Bc7 14. c4 d5 15.
Qe2 Qe7 16. Bd2 b6 17. Rfc1 d4 18. b3 Be6 19. Nb2 Nd7 20. Rd1 Nb8 21. Rdc1 0-1